| 000 | 00809nam a22002417a 4500 | ||
|---|---|---|---|
| 001 | 4989 | ||
| 003 | FISKH | ||
| 005 | 20241030130040.0 | ||
| 008 | 241030b cb ||||| |||| 00| 0 eng d | ||
| 020 | _a9780753465400 | ||
| 040 |
_aFISKH _beng _cFISKH _dFISKH |
||
| 050 | _aDT61.S76 | ||
| 082 | _a932.01 | ||
| 100 | _aSmith, Miranda | ||
| 245 |
_aAncient Egypt / _cby Miranda Smith |
||
| 260 |
_aLondon : _bKingfisher ; _c2010. |
||
| 300 |
_a47 pages : _bcolor illustrations ; _c29 cm . |
||
| 490 | _aNavigators | ||
| 520 | _aPresents a heavily illustrated introduction to the people, culture, history, and religion of ancient Egypt, as well as the artifacts and structures that they left behind. | ||
| 650 |
_aAncient Egypt _vnon-fiction |
||
| 700 |
_aStuart, Roger _eillustrator |
||
| 942 |
_2ddc _cBK _n0 |
||
| 999 |
_c4989 _d4989 |
||